000 00311nam a22001337a 4500
008 181008b xxu||||| |||| 00| 0 eng d
020 _a9781111543273
041 _aeng
080 _a610
100 _a4
101 _aSHM
245 _aMedical Terminology for Health Professions
_cEhrlich,A
942 _2udc
_cBK
999 _c49021
_d49021